| 000 | 01347nam a2200301 4500 | ||
|---|---|---|---|
| 003 | EC-UNACH | ||
| 005 | 20251217142733.0 | ||
| 006 | s||||gr|||| 00| 00 | ||
| 008 | 150116t9999 mx r gr 000 0 spa d | ||
| 020 | _aS/N | ||
| 040 |
_aEC-UNACH _cEC-UNACH |
||
| 041 | _aspa | ||
| 082 | 0 | 4 |
_223 _a657.45 _bL018528 |
| 110 | _aS/N | ||
| 245 | _aTexto de procedimientos contables y tributarios al alcance de todos | ||
| 250 | _aPrimera edición | ||
| 264 |
_aEcuador _bS/N _c2011 |
||
| 300 | _a120 | ||
| 505 | _a-Contabilidad campos de aplicación - Los documentos -Clasificación de las cuentas -El proceso contable -Ecuación contable - La cuenta contable -El plan de cuentas concepto -Procedimiento para codificar el plan de cuentas - Modelo de plan de cuentas -Variaciones que sufren el plan de cuentas - transacción -Partida doble -Los registros contables -El balance de comprobación - Los ajustes contables -Tratamiento de las cuentas de activo -La caja arqueo de caja - La caja chica -La cuenta banco registros conciliación | ||
| 650 | _aLOS DIFERIDOS | ||
| 650 | _aLAS REMUNERACIONES | ||
| 650 | _aINTRODUCCIÓN A LA TRIBUTACIÓN | ||
| 700 | _aGerman Fiallos Ricaurte | ||
| 942 |
_2ddc _c1 |
||
| 999 | _c14317 | ||